00391 2200145 4500001002100000005001700021035002500038090001900063100002200082245005500104260003700159300002200196850001200218990001500230YOGYA00000000001877720150318090008.0 a0010-081400000018495 aT 297.63 Abd Q aAbdul Hadi, Ahmad aAl-Qur an berbicara tentang ibucAbdul Hadi, Ahmad aJakartabGema Insani Pressc1999 a67 hlm. ;b18 cm. aYOPDYOG a425-B/2000